Дело по отношению главноуправляющего над Почтовым департаментом о доставлении сведения, не имеется ли препятствий к награждению ...

Доступно только в Электронных читальных залах Найти на картеНа карте
RUSMARC
00003631nmc2a22002413x 450
00197d7081b-b799-4011-ab02-c748e165aa00
00520251022204001.0
100##$a20250421l18441845k l0rusy0189 ca
1010#$arus
102##$aRU
105##$ay###
1222#$ad
2001#$aДело по отношению главноуправляющего над Почтовым департаментом о доставлении сведения, не имеется ли препятствий к награждению профессора хирургии Университета Святого Владимира Караваева подарком
$j12 декабря 1844 г. - 6 января 1845 г.
215##$a6 л.
$d36,5х26 см
251##$cДело
300##$aНа обложке указано: "№108"
371##$aДокумент не является опубликованным и широко распространяемым
461#0$10012b5b8419-5ce4-4d16-a7a3-85720a295f1f
$12001
$aКанцелярия министра народного просвещения
$1251
$cФонд
$1852
$j735
462#0$1001562cc287-b13c-4f02-8029-f81535ba1e2e
$12001
$aКанцелярия министра народного просвещения
$1251
$cОпись
$1852
$j2
801#0$aRU
$bРГИА
$c20250421
$gRCR
801#1$aRU
$bГлавНИВЦ
$c20250421
$2rusmarc
801#2$aRU
$bПБ им. Б.Н. Ельцина
$c20251022
$gRCR
$2rusmarc
850##$aРГИА
852##$aРГИА
$eФедеральное казенное учреждение "Российский государственный исторический архив" (РГИА)
$j505
937##$hРГИА
$d12421423
$aASBIBLIO_SCAN
035##$aRusGRCC00085494
856##$uhttp://readingroom.main.prlib.ru/item.aspx?id_node=n198612033&mode=full
Формат отображения